Flags of Countries whose capital starts with A - Sudden Death - Statistics

General Stats
  • This quiz has been taken 43 times
    41 since last reset
  • The average score is 9 of 16
Answers on the Grid
Answers color-coded by a green-red scale on the quiz's grid according to % correct below.
 
Answer Stats
Answer % Correct
83%
75%
67%
58%
58%
58%
50%
50%
50%
50%
50%
42%
42%
42%
42%
33%
No matching quizzes found
Score Distribution
Percent of People with Each Score
Percentile by Number Answered
Your Score History
You have not taken this quiz since the last reset